[Event "Trebic Highlands op 10th"]
[Site "Trebic"]
[Date "2014.05.18"]
[Round "2"]
[White "Horak, Jaroslav"]
[Black "Bazala, Vladimir"]
[Result "0-1"]
[WhiteElo "1595"]
[BlackElo "1812"]
[PlyCount "64"]
[EventDate "2014.05.17"]
[EventType "swiss"]
[EventRounds "9"]
[EventCountry "CZE"]
[SourceTitle "CBM 160 Extra"]
[Source "ChessBase"]
[SourceDate "2014.07.01"]
[SourceVersion "1"]
[SourceVersionDate "2014.07.01"]
[SourceQuality "1"]

1. e4 c5 2. Nf3 d6 3. d4 cxd4 4. Nxd4 Nf6 5. Nc3 a6 6. Bg5 e6 7. f4 Be7 8. Qf3 h6 9. Bh4 g5 10. Bg3 gxf4 11. Bh4 Nc6 12. Nb3 e5 13. Bxf6 Bxf6 14. 0-0-0 h5 15. h3 Nd4 16. Qd3 Be6 17. Nd5 Bxd5 18. exd5 Nxb3+ 19. Qxb3 b5 20. g3 Bg5 21. Kb1 Qb6 22. h4 Bh6 23. Be2 fxg3 24. Bxh5 Bf4 25. Bg4 Ke7 26. h5 Rag8 27. Qf3 Qe3 28. Qxe3 Bxe3 29. Bf3 g2 30. Rhg1 Bxg1 31. Rxg1 Rg3 32. Bxg2 Rxh5 0-1

[Event "Trebic Highlands op 09th"]
[Site "Trebic"]
[Date "2013.09.22"]
[Round "3"]
[White "Dvorak, Libor"]
[Black "Bazala, Vladimir"]
[Result "1-0"]
[WhiteElo "2079"]
[BlackElo "1819"]
[PlyCount "105"]
[EventDate "2013.09.21"]
[EventType "swiss"]
[EventRounds "9"]
[EventCountry "CZE"]
[SourceTitle "CBM 156 Extra"]
[Source "ChessBase"]
[SourceDate "2013.10.22"]
[SourceVersion "1"]
[SourceVersionDate "2013.10.22"]
[SourceQuality "1"]

1. Nf3 c5 2. c4 Nc6 3. g3 Nf6 4. Bg2 d5 5. cxd5 Nxd5 6. Nc3 Nc7 7. d3 e5 8. 0-0 Be7 9. Nd2 Be6 10. Nc4 f6 11. Bxc6+ bxc6 12. Qa4 Qd7 13. Na5 Nb5 14. Be3 a6 15. Rac1 0-0 16. Ne4 Nd4 17. Bxd4 cxd4 18. Nc5 Bxc5 19. Rxc5 Rfc8 20. Rfc1 h6 21. Rxc6 Kh7 22. b3 Rxc6 23. Qxc6 Rc8 24. Qxc8 Qxc8 25. Rxc8 Bxc8 26. f4 Kg6 27. Kf2 Be6 28. Nc6 Bd7 29. Nb8 Bc8 30. e3 dxe3+ 31. Kxe3 Kf5 32. Nc6 Bb7 33. Nb4 g5 34. fxe5 fxe5 35. Nc2 Kg4 36. Kf2 Kh3 37. Ne3 h5 38. Nc4 e4 39. d4 Kxh2 40. Ne3 Kh3 41. d5 g4 42. Ng2 Kh2 43. d6 Bc6 44. Nf4 e3+ 45. Kxe3 Kxg3 46. Nxh5+ Kh4 47. Nf6 g3 48. d7 Bxd7 49. Nxd7 Kh3 50. Ne5 Kh2 51. b4 g2 52. Nf3+ Kg3 53. a4 1-0

[Event "Zdar nad Sazavou Vysocina op 8th"]
[Site "Zdar nad Sazavou"]
[Date "2011.09.29"]
[Round "7"]
[White "Skorepa, Jakub"]
[Black "Bazala, Vladimir"]
[Result "1/2-1/2"]
[WhiteElo "1661"]
[BlackElo "1874"]
[PlyCount "64"]
[EventDate "2011.09.24"]
[EventType "swiss"]
[EventRounds "9"]
[EventCountry "CZE"]
[SourceTitle "CBM 144 Extra"]
[Source "ChessBase"]
[SourceDate "2011.10.28"]
[SourceVersion "1"]
[SourceVersionDate "2011.10.28"]
[SourceQuality "1"]

1. e4 c5 2. Nf3 d6 3. d4 cxd4 4. Nxd4 Nf6 5. Nc3 a6 6. Be2 e5 7. Nb3 Be7 8. Be3 Be6 9. Qd2 Qc7 10. 0-0 Nbd7 11. Rad1 b5 12. f3 Rc8 13. Rc1 h6 14. Rfd1 0-0 15. Bf1 Nb6 16. Qf2 Nc4 17. Bxc4 Qxc4 18. Rd2 Nd7 19. Nd5 Bxd5 20. Rxd5 Nf6 21. Rd3 b4 22. Qg3 Kh7 23. Rd2 Qb5 24. Rcd1 a5 25. Qf2 a4 26. Nc1 Rc6 27. Nd3 Rfc8 28. Qe2 g6 29. Bf2 Rc4 30. Kf1 Qb7 31. b3 axb3 32. cxb3 Rc3 1/2-1/2